De albéitares a veterinarios (Record no. 169637)

MARC details
000 -LEADER
campo de control de longitud fija 00894nam a22002175i 4500
001 - NÚMERO DE CONTROL
campo de control 169637
003 - IDENTIFICADOR DE NÚMERO DE CONTROL
campo de control ES-MaACL
005 - FECHA Y HORA DE LA ÚLTIMA TRANSACCIÓN
campo de control 20250902085401.0
008 - DATOS DE LONGITUD FIJA--INFORMACIÓN GENERAL
campo de control de longitud fija 081028s2002 sp |||| | spa d
080 ## - NÚMERO DE LA CLASIFICACIÓN DECIMAL UNIVERSAL
Número de la Clasificación Decimal Universal 636.09
100 1# - ENTRADA PRINCIPAL--NOMBRE DE PERSONA
Nombre de persona Etxaniz Makazaga, José-Manuel.
9 (RLIN) 137731
245 10 - MENCIÓN DEL TÍTULO
Título De albéitares a veterinarios
Resto del título : la inspección de carnes /
Mención de responsabilidad, etc. José Manuel Etxaniz Makazaga.
260 ## - PUBLICACIÓN, DISTRIBUCIÓN, ETC.
Lugar de publicación, distribución, etc. San Sebastián = Donostia :
Nombre del editor, distribuidor, etc. Colegio Oficial de Veterinarios de Gipuzkoa,
Fecha de publicación, distribución, etc. [2002]
300 ## - DESCRIPCIÓN FÍSICA
Extensión P. [437]-481 :
Otras características físicas il. ;
Dimensiones 21 cm.
595 ## -
-- Separata de: Boletín de la Real Sociedad Bascongada de los Amigos del País, LVIII, 2002-2.
650 #7 - PUNTO DE ACCESO ADICIONAL DE MATERIA--TÉRMINO DE MATERIA
Término de materia o nombre geográfico como elemento de entrada Veterinaria
Fuente del encabezamiento o término embne
9 (RLIN) 138773
710 2# - ENTRADA AGREGADA--NOMBRE DE ENTIDAD CORPORATIVA
Nombre de entidad corporativa o nombre de jurisdicción como elemento de entrada Real Sociedad Bascongada de los Amigos del País
9 (RLIN) 6366
710 2# - ENTRADA AGREGADA--NOMBRE DE ENTIDAD CORPORATIVA
Nombre de entidad corporativa o nombre de jurisdicción como elemento de entrada Colegio Oficial de Veterinarios de Gipuzkoa.
9 (RLIN) 138774
852 ## - LOCALIZACIÓN
Ubicación ES-MaACL
Número de control de estantería 2238-F-4
itemnumber R.143251
Holdings
Estatus retirado Estado de pérdida Estado de daño No para préstamo Colección Biblioteca de origen Biblioteca actual Ubicación en estantería Fecha de adquisición Fuente de adquisición Total de préstamos Signatura topográfica completa Código de barras Visto por última vez Precio de reemplazo Tipo de ítem Koha
        Colección de folletos Biblioteca del Ateneo de Madrid Biblioteca del Ateneo de Madrid Depósito folletos 28/10/2008     2238-F-4 1178094 23/02/2023 23/02/2023 Folleto